| 000 | 01041nam a2200265 i 4500 | ||
|---|---|---|---|
| 003 | DO-SdBNP | ||
| 005 | 20250611073818.0 | ||
| 007 | ta | ||
| 008 | 210521e2011 dr |||grl|||s00| 0 spa d | ||
| 020 | _a9789945436075 | ||
| 040 |
_aDO-SdBNP _bspa _cBNPHU _erda |
||
| 041 | _hspa | ||
| 082 | 4 |
_bR426no _222 |
|
| 110 | 1 |
_aRepública Dominicana. _bMinisterio de Salud Pública _980830 |
|
| 245 | 1 | 0 | _aNormas Nacionales para la Calidad de los Laboratorios Clínicos de Salud / |
| 264 |
_aSanto Domingo : _bMinisterio de Salud Pública, _c2011. |
||
| 300 |
_a45 páginas ; _c23 cm. |
||
| 336 |
_2rdacontent _atexto _btxt |
||
| 337 |
_2rdamedia _asin mediación _bn |
||
| 338 |
_2rdacarrier _avolumen _bnc |
||
| 504 | _aBibliografía, 43 - 45. | ||
| 505 |
_a0. Introducción.-- _t1. Objetivo.-- _t2. Ámbito de aplicación.-- _t3. Marco Legal.-- _t4. Definición operacionales.-- _t5. Requerimientos de gestión.-- _t6. Requerimientos técnicos.-- _t7. Disposiciones finales.-- _t8. Bibliografía. |
||
| 590 | _aInventariado, 2023/BT | ||
| 942 |
_2ddc _cLF2 |
||
| 999 |
_c49835 _d49835 |
||